[Event "Pamplona op"]
[Site "Pamplona"]
[Date "2008.12.23"]
[Round "3"]
[White "Montoya Irigoyen, Inigo"]
[Black "Ruiz Escobar, Rafael"]
[Result "0-1"]
[WhiteElo "2065"]
[BlackElo "2028"]
[PlyCount "172"]
[EventDate "2008.12.22"]
[EventType "swiss"]
[EventRounds "9"]
[EventCountry "ESP"]
[SourceTitle "CBM 127 Extra"]
[Source "ChessBase"]
[SourceDate "2009.01.08"]
[SourceVersion "2"]
[SourceVersionDate "2009.01.28"]
[SourceQuality "1"]

1. c4 Nf6 2. Nc3 c5 3. Nf3 d5 4. cxd5 Nxd5 5. g3 Nxc3 6. bxc3 g6 7. Bg2 Bg7 8. 0-0 Nc6 9. e3 e5 10. Qa4 0-0 11. Ba3 Re8 12. Bxc5 Bd7 13. Qb3 Na5 14. Qc2 Bb5 15. d4 Bxf1 16. Bxf1 Rc8 17. Bb5 Re6 18. Qa4 a6 19. Bf1 b5 20. Qc2 Nb7 21. Ba3 e4 22. Nd2 Qe8 23. Bh3 f5 24. Rc1 Rec6 25. Qb3+ Qf7 26. Qb2 R8c7 27. Bf1 Na5 28. Bc5 Kh8 29. a4 bxa4 30. Qa3 Nb7 31. Qxa4 Nxc5 32. dxc5 Rxc5 33. Qxa6 Rxc3 34. Rb1 Qd7 35. Nc4 Qc8 36. Qd6 h6 37. Ne5 Bxe5 38. Qxe5+ Kh7 39. Rb6 h5 40. h4 Qd7 41. Rb8 Qg7 42. Qd5 Rc1 43. Kg2 R1c5 44. Qd6 R5c6 45. Qd5 Rc8 46. Rb5 R6c7 47. Rb6 Qd7 48. Qe5 Rc6 49. Bb5 Qc7 50. Qxc7+ R6xc7 51. Ba6 Rc6 52. Rxc6 Rxc6 53. Bb5 Rb6 54. Bc4 Kg7 55. Bd5 Rb2 56. Bc6 Kf6 57. Be8 Rb6 58. Bd7 Ke7 59. Ba4 Kd6 60. Be8 Kc5 61. Kf1 Kb4 62. Bf7 Kc3 63. Ke2 Rf6 64. Be8 Kc4 65. Bd7 Kd5 66. Be8 Kd6 67. Kf1 Ke7 68. Bb5 Kf7 69. Bd7 Kg7 70. Be8 Kh6 71. Kg2 g5 72. hxg5+ Kxg5 73. Kh3 Rd6 74. Bb5 Rd2 75. Kg2 h4 76. gxh4+ Kxh4 77. Kg1 Kh3 78. Kf1 Rd1+ 79. Ke2 Rd5 80. Bc6 Rc5 81. Bd7 Kg2 82. Ke1 Ra5 83. Be6 Rb5 84. Bd7 Rb1+ 85. Kd2 Rb2+ 86. Kc3 Rxf2 0-1

[Event "Pamplona op 16th"]
[Site "Pamplona"]
[Date "2006.12.23"]
[Round "3"]
[White "Ruiz Escobar, Rafael"]
[Black "Gomez Anadon, Daniel"]
[Result "1-0"]
[WhiteElo "1975"]
[BlackElo "2268"]
[PlyCount "135"]
[EventDate "2006.12.22"]
[EventType "swiss"]
[EventRounds "9"]
[EventCountry "ESP"]
[SourceTitle "CBM 115 Extra"]
[Source "ChessBase"]
[SourceDate "2007.01.10"]
[SourceVersion "1"]
[SourceVersionDate "2007.01.10"]
[SourceQuality "1"]

1. Nf3 d5 2. d4 Nf6 3. Bf4 c5 4. e3 Nc6 5. Nc3 a6 6. Be2 Bf5 7. 0-0 e6 8. h3 Be7 9. Re1 Ne4 10. Nxe4 Bxe4 11. c3 0-0 12. Bd3 Bxd3 13. Qxd3 Rc8 14. Rad1 Qb6 15. Qe2 Rfe8 16. Ne5 Qa5 17. a3 Nd8 18. Qg4 Qb5 19. e4 dxe4 20. Bh6 g6 21. Rxe4 cxd4 22. Rdxd4 Qxb2 23. Rd7 Qxa3 24. Qf3 f6 25. Nc4 Qc5 26. Nd6 Nf7 27. Nxe8 Rxe8 28. Be3 Qc6 29. Rd1 f5 30. Red4 Qxf3 31. gxf3 Ne5 32. Kg2 Rc8 33. f4 Nc4 34. Rd7 Nxe3+ 35. fxe3 Bf6 36. Rxb7 Bxc3 37. Rd6 e5 38. fxe5 Bxe5 39. Rxa6 Re8 40. Raa7 Bf6 41. Kf3 h6 42. Rf7 Rf8 43. Rxf8+ Kxf8 44. e4 fxe4+ 45. Kxe4 Be7 46. Kd5 Kf7 47. Ra2 g5 48. Ke5 h5 49. Rf2+ Kg6 50. Ke6 Bb4 51. Rf6+ Kg7 52. Kf5 Be7 53. Rg6+ Kf7 54. Rh6 g4 55. Rh7+ Kf8 56. Ke6 Bb4 57. Rf7+ Ke8 58. Rb7 Ba5 59. Ra7 Bc3 60. Rc7 Ba5 61. Rc5 Bb6 62. Rxh5 Kf8 63. hxg4 Bd4 64. Rh7 Kg8 65. Rd7 Bc3 66. g5 Bb2 67. Kf5 Kf8 68. Kg6 1-0

[Event "San Sebastian op 19th"]
[Site "San Sebastian"]
[Date "2006.04.11"]
[Round "5.18"]
[White "Ruiz Escobar, Rafael"]
[Black "Andres Gonzalez, Alberto"]
[Result "0-1"]
[WhiteElo "1948"]
[BlackElo "2412"]
[PlyCount "91"]
[EventDate "2006.04.08"]
[EventType "swiss"]
[EventRounds "9"]
[EventCountry "ESP"]
[SourceTitle "CBM 111 Extra"]
[Source "ChessBase"]
[SourceDate "2006.05.09"]
[SourceVersion "1"]
[SourceVersionDate "2006.05.09"]
[SourceQuality "1"]

1. d4 Nf6 2. c4 e6 3. Nf3 Bb4+ 4. Bd2 a5 5. g3 b6 6. Bg2 Bb7 7. 0-0 0-0 8. Nc3 d6 9. Qc2 Nbd7 10. Rac1 h6 11. Rfe1 Bxc3 12. Bxc3 Be4 13. Qd1 Qb8 14. Nh4 b5 15. Bxe4 Nxe4 16. cxb5 Qxb5 17. Qd3 Qxd3 18. exd3 Nef6 19. Ng2 Nd5 20. Ne3 N7f6 21. a3 Rfb8 22. Re2 Rb3 23. Nc4 a4 24. Rec2 Rab8 25. Na5 R3b5 26. Nc6 R8b6 27. Bb4 Ra6 28. Bd2 Rb3 29. Nb4 Nxb4 30. Bxb4 Nd5 31. Kf1 Rxd3 32. Bc3 Rf3 33. Ke2 Rf5 34. Bd2 Kf8 35. g4 Rf6 36. g5 hxg5 37. Bxg5 Rg6 38. Bd8 Rh6 39. Ke1 g5 40. Rd2 Rh7 41. h4 gxh4 42. Ke2 f6 43. Rdc2 h3 44. Bxc7 Rxc7 45. Rxc7 Nxc7 46. Rxc7 0-1